000 00463nam a2200157 a 4500
001 000025186
005 20200930023620.0
008 110211s1982 dr a 000 0 spa d
040 _aDO-SdBNP
_bspa
_cBNPHU
082 _axxx
_bM358b
100 1 _aMarranzini Aristy, Féliz
_951666
245 1 0 _aBuena alimentación..... salud para todos /
_cFéliz Marranini Aristy.
260 _aSanto Domingo
_fValdez
_c1982.
300 _a19 p. :
_bil. ;
_c22 cm.
049 _aBNPD
999 _c24679
_d24679